| 000 | 00896nam a2200229Ia 4500 | ||
|---|---|---|---|
| 001 | L200-55190 | ||
| 003 | IT-CnALBA | ||
| 008 | 170116s9999||||xx |||||||||||||| ||und|| | ||
| 040 |
_aIT-CnALBA _cIT-CnALBA |
||
| 041 | _aITALIANO | ||
| 100 | _aLAMBIASI FRANCESCO | ||
| 245 | 0 | _aSUI PASSI DI GESÙ. ESERCIZI DI CONTEMPLAZIONE CON L'EVANGELISTA MARCO. | |
| 250 | _a1a ed. | ||
| 260 |
_aROMA _bAVE, ANONIMA VERITA'S EDITRICE _c2003 [1° Ed.:2003 - Ed.Ling.Originale: 2003] |
||
| 300 | _a126 p. | ||
| 500 | _aIL VANGELO. GESÙ, IL SERVO LA VIA IL PASTORE IL MESSIA. IL FIGLIO E LA VITA. | ||
| 501 | _aSocietà San Paolo EM - Piazza San Paolo, 14 - 12051 ALBA (CN) (non commercial uses only) ® Copyright 2017 | ||
| 520 | _aIL VANGELO. GESÙ, IL SERVO LA VIA IL PASTORE IL MESSIA. IL FIGLIO E LA VITA. | ||
| 650 | _aRELIGIONE - RELIGIONE CRISTIANA | ||
| 942 | _cBK | ||
| 957 | _71 | ||
| 999 |
_a72680 _bNO _g Copie: 1 _c314042 _d314042 |
||